000 00640nam a2200229 4500
001 19710
003 BD-RjUL
005 20211209000452.0
008 140225s2006 ii d|||| |||| 001 0 eng d
020 _a8131401243
035 _a(BD-RjUL)19771
040 _aBD-RjUL
_beng
_cBD-RjUL
041 _aeng
082 0 4 _a685.3
_bHRM 2006
_223
245 1 0 _aHRM practices :
_cK B S Kumar.
_bcountry experiences /
260 _aHyderabad :
_bICFAI University Press,
_cc2006.
300 _avii, 221 p. :
_bill. ;
_c23 cm.
504 _aIncludes index.
650 0 _aPersonnel management
_960553
700 1 _aKumar, K B S.
_960554
942 _2ddc
_cBK
999 _c19710
_d19710